Movies Quiz

Random Movies or Grab Bag Quiz

4 Movies Foursomes Quiz Stats

 Plays Quiz Updated Jul 3, 2017

Support Sporcle.
Go Orange.
Score 0/16 Timer 03:00
1 Play Today
Hint Answer % Correct
Indiana Jones
Films
... and the Temple of Doom
85.5%
Indiana Jones
Films
Raiders of the Lost Ark
85.2%
Actors in Original
Ghostbusters
Bill Murray
84.6%
'Elf' Food
Groups
Candy
75%
Indiana Jones
Films
... and the Last Crusade
73.8%
Channel 4 News Team
in 'Anchorman'
Ron Burgundy
69.3%
Indiana Jones
Films
... and the Kingdom of the Crystal Skull
64.2%
Actors in Original
Ghostbusters
Dan Aykroyd
54.4%
Hint Answer % Correct
'Elf' Food
Groups
Syrup
51.3%
'Elf' Food
Groups
Candy Canes
42.2%
Channel 4 News Team
in 'Anchorman'
Brick Tamland
41.8%
Actors in Original
Ghostbusters
Harold Ramis
41.2%
'Elf' Food
Groups
Candy Corn
34.8%
Channel 4 News Team
in 'Anchorman'
Champion Kind
27.9%
Actors in Original
Ghostbusters
Ernie Hudson
25.5%
Channel 4 News Team
in 'Anchorman'
Brian Fantana
21.7%

You're not logged in!

Compare scores with friends on all Sporcle quizzes.
OR
Log In
Forgot?

From the Vault

Build a Mosaic of Canada

by timmylemoine1

Nobody tell them we're building the mosaic out of actual maple leaves.
Remove Ads.
Support Sporcle.
Get the best of Sporcle when you Go Orange. This ad-free experience offers more features, more stats, and more fun while also helping to support Sporcle. Thank you for becoming a member.

Show Comments

Extras

Top Quizzes Today


Score Distribution

Your Account Isn't Verified!

In order to create a playlist on Sporcle, you need to verify the email address you used during registration. Go to your Sporcle Settings to finish the process.

Report this User

Report this user for behavior that violates our Community Guidelines.

Details: